Catálogo - Centro de Recursos para el Aprendizaje y la Investigación

Volver al Sitio - CRAI Biblioteca

La temible banda de los atracadores de sueños / (Registro nro. 114284)

Detalles MARC
000 -CABECERA
campo de control de longitud fija 01420nam a2200301 4500
001 - NÚMERO DE CONTROL
campo de control 114284
003 - IDENTIFICADOR DEL NÚMERO DE CONTROL
campo de control DR-UNIBE
005 - FECHA Y HORA DE LA ÚLTIMA TRANSACCIÓN
campo de control 20251210105450.0
008 - DATOS DE LONGITUD FIJA--INFORMACIÓN GENERAL
campo de control de longitud fija 251205b2025 pr ||||| |||| 00| 1 spa d
020 ## - NÚMERO INTERNACIONAL ESTÁNDAR DEL LIBRO
Número Internacional Estándar del Libro 9781950792887
040 ## - FUENTE DE LA CATALOGACIÓN
Centro catalogador/agencia de origen BIBLIOTECA UNIBE
Lengua de catalogación spa
Centro/agencia transcriptor BIBLIOTECA UNIBE
Normas de descripción rda
041 ## - CÓDIGO DE LENGUA
Código de lengua del texto/banda sonora o título independiente spa
090 ## - LOCALMENTE ASIGNADO TIPO-LC NÚMERO DE CLASIFICACIÓN (OCLC); NÚMERO DE CLASIFICACIÓN LOCAL (RLIN)
Número de clasificación (OCLC) (R) ; Numero de clasificación, CALL (RLIN) (NR) FBIU - EEDP NI SA235L
100 10 - ENTRADA PRINCIPAL--NOMBRE DE PERSONA
Nombre de persona Santis, Géraldine de,
Fechas asociadas al nombre 1980-
9 (RLIN) 53457
Término indicativo de función/relación autor
245 13 - MENCIÓN DE TÍTULO
Título La temible banda de los atracadores de sueños /
Mención de responsabilidad, etc. Geraldin de Santis ; ilustraciones de interior diseño de portada: Wi-Hen Fung ; foto de autor: Onasis Paulino ; diagramación: Linette Cubano García ; prólogo : Dulce Elvira de los Santos
250 ## - MENCIÓN DE EDICIÓN
Mención de edición Primera edición
260 ## - PUBLICACIÓN, DISTRIBUCIÓN, ETC.
Lugar de publicación, distribución, etc. Hato Rey, Puerto Rico :
Nombre del editor, distribuidor, etc. Editorial EDP,
Fecha de publicación, distribución, etc. 2025
300 ## - DESCRIPCIÓN FÍSICA
Extensión 166 páginas :
Otras características físicas ilustraciones a color ;
Dimensiones 20 x 12
500 ## - NOTA GENERAL
Nota general Premio Anual de Literatura Infantil y Juvenil "Aurora Tavárez Belliard" 2023. Incluye datos del autor al final de la obra
653 #7 - TÉRMINO DE INDIZACIÓN--NO CONTROLADO
Término no controlado Novela infantil dominicana
653 #7 - TÉRMINO DE INDIZACIÓN--NO CONTROLADO
Término no controlado Literatura infantil dominicana
653 #7 - TÉRMINO DE INDIZACIÓN--NO CONTROLADO
Término no controlado Espionaje - Novela infantil dominicana
700 10 - PUNTO DE ACCESO ADICIONAL--NOMBRE DE PERSONA
Nombre de persona Fung, Wi-Hen
9 (RLIN) 126967
Término indicativo de función/relación diseñador de portada
-- ilustrador
700 10 - PUNTO DE ACCESO ADICIONAL--NOMBRE DE PERSONA
Nombre de persona Paulino, Onasis
9 (RLIN) 201302
Término indicativo de función/relación fotógrafo del autor
700 10 - PUNTO DE ACCESO ADICIONAL--NOMBRE DE PERSONA
Nombre de persona Cubano García, Linnette
9 (RLIN) 201303
Término indicativo de función/relación diagramador
700 10 - PUNTO DE ACCESO ADICIONAL--NOMBRE DE PERSONA
Nombre de persona Santos, Dulce Elvira de los,
Fechas asociadas al nombre 1964-
Forma completa/desarrollada del nombre (Santos Mata, Dulce Elvira de los)
9 (RLIN) 60846
Término indicativo de función/relación prologuista
942 ## - ELEMENTOS DE PUNTO DE ACCESO ADICIONAL (KOHA)
Fuente del sistema de clasificación o colocación Sistema de Clasificación Decimal Dewey
Tipo de ítem Koha Libro (general)
Existencias
Estado de retiro Estado de pérdida Fuente del sistema de clasificación o colocación No para préstamo Código de colección Localización permanente Fecha de adquisición Total de préstamos Signatura topográfica completa Código de barras Fecha visto por última vez Número de copia Precio válido a partir de Tipo de ítem Koha
  Disponible Sistema de Clasificación Decimal Dewey No se presta Fondo Bibliográfico IBBY-UNIBE Biblioteca Central UNIBE 11/10/2025   FBIU-EEDP NI S235L FBIU0925 05/12/2025 Ej.1 05/12/2025 Libro (reserva)